[Event "VIE-ch U11"]
[Site "Ho Chi Minh City"]
[Date "2014.07.18"]
[Round "9"]
[White "Nguyen, Gia Huy"]
[Black "Nguyen, Duy Tan"]
[Result "0-1"]
[WhiteElo "1975"]
[BlackElo "1930"]
[PlyCount "102"]
[EventDate "2014.07.13"]
[EventType "swiss"]
[EventRounds "9"]
[EventCountry "VIE"]
[SourceTitle "EXT 2016"]
[Source "ChessBase"]
[SourceDate "2015.10.08"]
[SourceVersion "1"]
[SourceVersionDate "2015.10.08"]
[SourceQuality "1"]

1. e4 e5 2. Nf3 Nc6 3. d4 d6 4. d5 Nce7 5. g3 g6 6. Bg2 Bg7 7. 0-0 f5 8. Nc3 Nf6 9. exf5 Bxf5 10. Ng5 Qc8 11. Nce4 h6 12. Nxf6+ Bxf6 13. Ne6 Bxe6 14. dxe6 Qxe6 15. Bxb7 Rb8 16. Bg2 Kf7 17. Be3 Rxb2 18. Bxa7 Rxa2 19. Rxa2 Qxa2 20. Be3 Kg7 21. Qd3 Rd8 22. Qb3 Qxb3 23. cxb3 Nf5 24. Rc1 c5 25. Bd2 Nd4 26. Rb1 Bg5 27. Bxg5 hxg5 28. f3 Rb8 29. Kf2 Rxb3 30. Rxb3 Nxb3 31. Bf1 Nd2 32. Bd3 d5 33. Ke3 Nb3 34. f4 gxf4+ 35. gxf4 e4 36. Bc2 Nd4 37. Bb1 Nf3 38. Ba2 c4 39. Bxc4 dxc4 40. Kxe4 Nxh2 41. Kd4 Kf6 42. Kxc4 Kf5 43. Kd3 Kxf4 44. Ke2 Kg3 45. Ke1 g5 46. Ke2 g4 47. Ke1 Nf3+ 48. Kf1 Kh2 49. Kf2 g3+ 50. Kf1 g2+ 51. Ke2 g1Q 0-1

[Event "VIE-ch U11"]
[Site "Ho Chi Minh City"]
[Date "2014.07.15"]
[Round "5"]
[White "Nguyen, Duy Tan"]
[Black "Nguyen, Quang Duy"]
[Result "0-1"]
[WhiteElo "1930"]
[BlackElo "1984"]
[PlyCount "124"]
[EventDate "2014.07.13"]
[EventType "swiss"]
[EventRounds "9"]
[EventCountry "VIE"]
[SourceTitle "EXT 2016"]
[Source "ChessBase"]
[SourceDate "2015.10.08"]
[SourceVersion "1"]
[SourceVersionDate "2015.10.08"]
[SourceQuality "1"]

1. e4 c5 2. Nc3 e6 3. d3 Nc6 4. Nge2 Nf6 5. h3 Be7 6. g3 0-0 7. Bg2 d6 8. 0-0 Bd7 9. Kh2 e5 10. f4 a6 11. f5 Qc7 12. g4 h6 13. Ng3 Nd4 14. Nce2 Rac8 15. c3 Nxe2 16. Qxe2 Bc6 17. Nh5 Nxh5 18. gxh5 Rcd8 19. Bxh6 gxh6 20. f6 Kh7 21. fxe7 Qxe7 22. Rf2 Rg8 23. Raf1 Rg7 24. Rf6 Rdg8 25. R6f2 Be8 26. Bf3 Bd7 27. Rg2 Rxg2+ 28. Bxg2 Be6 29. a3 Qg5 30. Qf3 Rg7 31. Rf2 Qh4 32. Qe3 Qxh5 33. Rf3 Qg5 34. Qxg5 Rxg5 35. Rg3 Rxg3 36. Kxg3 Kg6 37. h4 b6 38. b4 f5 39. Bf3 f4+ 40. Kf2 h5 41. c4 cxb4 42. axb4 a5 43. bxa5 bxa5 44. Bd1 Bd7 45. Bb3 a4 46. Ba2 a3 47. Ke2 Ba4 48. Kf3 Kf6 49. Ke2 Ke7 50. Kd2 Kd7 51. Kc3 Kc6 52. c5 Kxc5 53. Bf7 Bd1 54. Kd2 Bg4 55. Ba2 Kd4 56. Bc4 a2 57. Bxa2 f3 58. Ke1 Kxd3 59. Kf2 Kxe4 60. Bb1+ Kd4 61. Bc2 e4 62. Bb1 e3+ 0-1

[Event "VIE-ch U11"]
[Site "Ho Chi Minh City"]
[Date "2014.07.13"]
[Round "2"]
[White "Do, Dang Khoa"]
[Black "Nguyen, Duy Tan"]
[Result "1/2-1/2"]
[WhiteElo "1966"]
[BlackElo "1930"]
[PlyCount "109"]
[EventDate "2014.07.13"]
[EventType "swiss"]
[EventRounds "9"]
[EventCountry "VIE"]
[SourceTitle "EXT 2016"]
[Source "ChessBase"]
[SourceDate "2015.10.08"]
[SourceVersion "1"]
[SourceVersionDate "2015.10.08"]
[SourceQuality "1"]

1. e4 c5 2. Nc3 Nc6 3. g3 d6 4. Bg2 Nf6 5. d3 g6 6. Nge2 Bg7 7. 0-0 0-0 8. Be3 Ng4 9. Bd2 a6 10. h3 Nf6 11. f4 e6 12. g4 Nd7 13. Ng3 f6 14. f5 e5 15. h4 Nb6 16. Qc1 Kf7 17. Bh6 Ne7 18. Bxg7 Kxg7 19. a4 Nd7 20. g5 b6 21. gxf6+ Nxf6 22. fxg6 hxg6 23. Qg5 Neg8 24. h5 Qe8 25. hxg6 Qxg6 26. Nh5+ Kh7 27. Nxf6+ Nxf6 28. Qxg6+ Kxg6 29. Nd5 Rb8 30. Rf2 Nh7 31. Rxf8 Nxf8 32. Rf1 Nh7 33. Ne7+ Kg7 34. Nf5+ Bxf5 35. exf5 Nf6 36. Rf3 Nh5 37. Rh3 Nf4 38. f6+ Kxf6 39. Rh6+ Ng6 40. Be4 Rg8 41. Kf2 Kg5 42. Rh3 Rf8+ 43. Rf3 Rxf3+ 44. Kxf3 Nh4+ 45. Ke3 Nf5+ 46. Kd2 Ng3 47. Bb7 a5 48. Kc3 Kf6 49. Kc4 Ke7 50. Kb5 Ne2 51. Kxb6 Nd4 52. c3 Nb3 53. Bd5 Nc1 54. Be4 Kd7 55. Kxa5 1/2-1/2